| 000 | 00883cam a22002651 4500 | ||
|---|---|---|---|
| 001 | e 43000133 | ||
| 003 | DLC | ||
| 005 | 20260227111231.0 | ||
| 008 | 881109s1943 kyu 000 0 eng c | ||
| 010 | _ae 43000133 | ||
| 035 | _a(OCoLC)18727336 | ||
| 040 |
_aU.S. Off. of Educ. Library _cMsU _dDLC |
||
| 042 | _apremarc | ||
| 050 | 0 | 0 |
_aL152 _b.B35 vol. 11, no. 6 |
| 082 | _a371.133 | ||
| 110 | 1 |
_aKentucky. _kLaws, statutes, etc. |
|
| 245 | 1 | 0 | _aCodified regulations, teacher education and certification. |
| 260 |
_a[Frankfort, _c1943] |
||
| 300 |
_a[311]-352 p. _c23 cm. |
||
| 490 | 0 |
_aKentucky. Dept. of Education. Educational bulletin ... _vVol. XI, no. 6 |
|
| 500 | _aAt head of title: Commonwealth of Kentucky. | ||
| 650 | 0 |
_aTeachers _xTraining of _zKentucky. |
|
| 650 | 0 |
_aTeachers _xCertification _zKentucky. |
|
| 650 | 0 |
_aEducational law and legislation _zKentucky. |
|
| 999 |
_c21936 _d21936 |
||